| 000 | 02515cam a2200337 4500500 | ||
|---|---|---|---|
| 005 | 20260201064413.0 | ||
| 041 | _afre | ||
| 042 | _adc | ||
| 100 | 1 | 0 |
_aKohlhauer, Matthias _eauthor |
| 700 | 1 | 0 |
_aProuillac, Caroline _eauthor |
| 245 | 0 | 0 | _aPrescrire des antibactériens chez les équidés |
| 260 | _c2025. | ||
| 500 | _a37 | ||
| 520 | _aLa prescription des antibiotiques chez les équidés est un acte courant qui ne doit pas être banalisé dans sa forme. L’adoption récente du règlement européen sur les médicaments vétérinaires a quelque peu modifié les règles de prescription et de délivrance de ces médicaments, en particulier sur la gestion de la cascade et des temps d’attente. Par ailleurs, d’autres cadres règlementaires, qu’ils soient nationaux ou européens (antibiotiques critiques ou substances essentielles des équidés), modifient les pratiques d’antibiothérapie chez ces espèces. Le prescripteur se doit donc de bien maîtriser ces enjeux pour pouvoir traiter les chevaux tout en préservant l’efficacité de cette classe thérapeutique et en garantissant la sécurité des consommateurs éventuels. | ||
| 520 | _aPrescription of antimicrobials in equines is a daily procedure that still needs to respect adequate rules. The adoption of the European Regulation on veterinary drugs changed several aspects of the prescription and dispensation of these drugs, particularly regarding on the cascade rule or the withdrawal times. Similarly, several other national or European regulations (critical antibiotics or essential substances for Equidae) recently modified the way French veterinarians can use antibiotics in horses. The prescriber must therefore be fully aware of these issues, to be able to treat horses while preserving the efficacy of this therapeutic class and guarantee the safety of potential consumers. | ||
| 690 | _aantibiotiques | ||
| 690 | _acheval | ||
| 690 | _adélivrance | ||
| 690 | _aéquidés | ||
| 690 | _aprescription | ||
| 690 | _aprescription hors AMM | ||
| 690 | _asubstances essentielles | ||
| 690 | _aantimicrobials | ||
| 690 | _adispensation | ||
| 690 | _aequines | ||
| 690 | _aessential substances | ||
| 690 | _aoff-label prescription | ||
| 690 | _aprescription | ||
| 786 | 0 | _nLe Nouveau Praticien Vétérinaire - Équine | 18-19 | 1-2 | 2025-11-06 | p. 114-120 | 1767-5081 | |
| 856 | 4 | 1 | _uhttps://stm.cairn.info/revue-le-nouveau-praticien-veterinaire-equine-2025-1-2-page-114?lang=fr&redirect-ssocas=7080 |
| 999 |
_c1639753 _d1639754 |
||